Electronic Data Processing <An> Introduction

Guardado en:
Detalles Bibliográficos
Autor principal: Martin, E. Wainright
Formato: Libro
Lenguaje:inglés
Publicado: Homewood Irwin 1965
Edición:1. ed.
Etiquetas: Agregar Etiqueta
Sin Etiquetas, Sea el primero en etiquetar este registro!

MARC

LEADER 00000nam a2200000 4500
001 c032705
005 20221220103505.7
041 0 |a eng 
044 |a US 
245 1 0 |a Electronic Data Processing  |b <An> Introduction  |c E. Wainright Martin 
250 |a 1. ed. 
264 1 |a Homewood  |b Irwin  |c 1965 
300 |a 561 s. 
100 1 |a Martin, E. Wainright